একাত্তর : গণহত্যার দলিল / (Record no. 686)
[ view plain ]
| 000 -LEADER | |
|---|---|
| fixed length control field | 00661nam a2200229 a 4500 |
| 001 - CONTROL NUMBER | |
| JCCL Control Number | 686 |
| 003 - CONTROL NUMBER IDENTIFIER | |
| JCCL marc code | BD-JhCC |
| 005 - DATE AND TIME OF LATEST TRANSACTION | |
| control field | 20171009190323.0 |
| 008 - FIXED-LENGTH DATA ELEMENTS--GENERAL INFORMATION | |
| fixed length control field | 171008s1971 bg ||||| |||| 00| 0 eng d |
| 020 ## - INTERNATIONAL STANDARD BOOK NUMBER | |
| International Standard Book Number | 984311048x |
| 035 ## - SYSTEM CONTROL NUMBER | |
| system control number | (BD-JhCC)686 |
| 040 ## - CATALOGING SOURCE | |
| Original cataloging agency | BD-JhCC |
| Modifying agency | BD-JhCC |
| 041 ## - LANGUAGE CODE | |
| Language code of Book | eng |
| 082 ## - DEWEY DECIMAL CLASSIFICATION NUMBER | |
| DDC Edition number | 22 |
| Classification number | 954.9205 |
| Author mark and Year | MUS 1971 |
| 100 ## - MAIN ENTRY--PERSONAL NAME | |
| Personal name | Museum, War ,Liberation |
| 245 ## - TITLE STATEMENT | |
| Title | একাত্তর : গণহত্যার দলিল / |
| Statement of responsibility, etc | Liberation War Museum, |
| 260 ## - PUBLICATION, DISTRIBUTION, ETC. (IMPRINT) | |
| Place of publication, distribution, etc | ঢাকা, |
| Name of publisher, distributor, etc | মিউজিয়াম , |
| Date of publication, distribution, etc | ১৯৭১ |
| 300 ## - PHYSICAL DESCRIPTION | |
| Pagination | 296p. ; |
| Dimensions | 22cm. |
| 650 ## - SUBJECT ADDED ENTRY--TOPICAL TERM | |
| Topical term or geographic name as entry element | History |
| General subdivision | Liberation war,1971 |
| 942 ## - ADDED ENTRY ELEMENTS (KOHA) | |
| Source of classification or shelving scheme | Dewey Decimal Classification |
| Koha item type | Books |
| Source of classification or shelving scheme | Damaged status | Not for loan | Home library | Current library | Shelving location | Date of accession | Total Checkouts | Full call number | Barcode | Date last seen | Copy number | Koha item type | Method of acquisition | Currency |
|---|---|---|---|---|---|---|---|---|---|---|---|---|---|---|
| Dewey Decimal Classification | JCC Rouf Library | JCC Rouf Library | General Stacks | 10/08/2017 | 954.9205 MUS 1971 | 32 | 10/08/2017 | C-2 | Books | |||||
| Dewey Decimal Classification | JCC Rouf Library | JCC Rouf Library | 10/08/2017 | 954.9205 MUS 1971 | 29 | 10/09/2017 | C-3 | Books | ||||||
| Dewey Decimal Classification | JCC Rouf Library | JCC Rouf Library | 10/08/2017 | 954.9205 MUS 1971 | 31 | 10/09/2017 | C-4 | Books | ||||||
| Dewey Decimal Classification | JCC Rouf Library | JCC Rouf Library | 10/09/2017 | 954.9205 MUS 1971 | 33 | 10/09/2017 | C-5 | Books | Purchase | |||||
| Dewey Decimal Classification | JCC Rouf Library | JCC Rouf Library | 10/09/2017 | 954.9205 MUS 1971 | 34 | 10/09/2017 | C-6 | Books | ||||||
| Dewey Decimal Classification | JCC Rouf Library | JCC Rouf Library | 10/09/2017 | 954.9205 MUS 1971 | 28 | 10/09/2017 | C-7 | Books | ||||||
| Dewey Decimal Classification | JCC Rouf Library | JCC Rouf Library | General Stacks | 05/06/2023 | 954.9205 MUS 1971 | 17596 | 05/06/2023 | C-8 | Books | Gift/Donation | BDT |